Normal view
MARC view
- Yaqub Nizami
Entry Personal Name
001 - CONTROL NUMBER
- control field: 88748
003 - CONTROL NUMBER IDENTIFIER
- control field: NUST
005 - DATE AND TIME OF LATEST TRANSACTION
- control field: 20220203114029.0
008 - FIXED-LENGTH DATA ELEMENTS
- fixed length control field: 220203|| aca||aabn | a|a d
040 ## - CATALOGING SOURCE
- Original cataloging agency: NUST
- Transcribing agency: NUST
100 ## - HEADING--PERSONAL NAME
- Personal name: Yaqub Nizami
670 ## - SOURCE DATA FOUND
- Source citation: Work cat.: (NUST): Yaqub Nizami, Muqaddas Sar Zameen Safar E Hajj Ki Yadain, 2013.
